000 00612nam a2200229Ia 4500
005 20260320201929.0
008 008 262003s9999 xx 000 0 eng d
037 _aEBOOK
040 _aCRL
040 _beng
040 _cCRL
041 _2eng
041 _aeng
084 _qCRL
100 _aCamargo
_91133775
245 0 _aOPNsense Beginner to Professional: Protect networks and build next-generation firewalls easily with OPNsense
260 _bIEEE
856 _uhttps://ieeexplore.ieee.org/servlet/opac?bknumber=10163667
942 _cEBOOK
999 _c1724343
_d1724343